<?xml version="1.0" encoding="UTF-8"?>
<record
    xmlns:xsi="http://www.w3.org/2001/XMLSchema-instance"
    xsi:schemaLocation="http://www.loc.gov/MARC21/slim http://www.loc.gov/standards/marcxml/schema/MARC21slim.xsd"
    xmlns="http://www.loc.gov/MARC21/slim">

  <leader>03596njm a2200409Ia 4500</leader>
  <controlfield tag="001">C2901</controlfield>
  <controlfield tag="003">IT-RoPAU</controlfield>
  <controlfield tag="005">20220918181115.0</controlfield>
  <controlfield tag="008">131025s9999    xx            000 0 und d</controlfield>
  <datafield tag="040" ind1=" " ind2=" ">
    <subfield code="a">IT-RoPAU</subfield>
  </datafield>
  <datafield tag="040" ind1=" " ind2=" ">
    <subfield code="c">IT-RoPAU</subfield>
  </datafield>
  <datafield tag="999" ind1=" " ind2=" ">
    <subfield code="c">99333</subfield>
    <subfield code="d">99333</subfield>
  </datafield>
  <datafield tag="999" ind1=" " ind2=" ">
    <subfield code="b">n.d.</subfield>
  </datafield>
  <datafield tag="100" ind1=" " ind2=" ">
    <subfield code="a">AA.VV.</subfield>
    <subfield code="9">794</subfield>
  </datafield>
  <datafield tag="100" ind1=" " ind2=" ">
    <subfield code="e">Autore musica</subfield>
    <subfield code="9">29910</subfield>
  </datafield>
  <datafield tag="100" ind1=" " ind2=" ">
    <subfield code="g">Codice autore musica SPICS: 12000</subfield>
    <subfield code="9">796</subfield>
  </datafield>
  <datafield tag="245" ind1=" " ind2=" ">
    <subfield code="a">Live In Europe</subfield>
  </datafield>
  <datafield tag="250" ind1=" " ind2=" ">
    <subfield code="a">2a ed.</subfield>
  </datafield>
  <datafield tag="260" ind1=" " ind2=" ">
    <subfield code="a">MILANO</subfield>
  </datafield>
  <datafield tag="260" ind1=" " ind2=" ">
    <subfield code="b">RUSCONI</subfield>
    <subfield code="c">1994 [1a Ed.:1967 - Ed. Lingua Orig.: 1967]</subfield>
  </datafield>
  <datafield tag="300" ind1=" " ind2=" ">
    <subfield code="a">COMPACT DISC</subfield>
  </datafield>
  <datafield tag="300" ind1=" " ind2=" ">
    <subfield code="c">67 minuti (Testo: 0 pag.)</subfield>
  </datafield>
  <datafield tag="500" ind1=" " ind2=" ">
    <subfield code="a">Musica jazz. Cd fuori commercio allegato al n. 5 1994 della rivista "Musica jazz"</subfield>
  </datafield>
  <datafield tag="505" ind1=" " ind2=" ">
    <subfield code="a">Take the "A" Train (Rotterdam, 28 gennaio 1967) (Ellington Duke) (7:00)] - Johnny Come Lately [(Rotterdam, 28 gennaio 1967) (Ellington Duke) (5:00)] - Swamp Goo (Rotterdam, 28 gennaio 1967) (Ellington Duke) (6:00)] - The Shepherd [(Rotterdam, 28 gennaio 1967) (Ellington Duke) (7:00)] - Chromatic Love Affair [(Rotterdam, 28 gennaio 1967) (Ellington Duke) (5:00)] - Rue Bleu [(Rotterdam, 28 gennaio 1967) (Ellington Duke) (4:00)] - Wild Onions [(Rotterdam, 28 gennaio 1967) (Ellington Duke) (3:00)] - Mara Gold [(Rotterdam, 28 gennaio 1967) (Ellington Duke) (9:00)] - Beautiful Woman Walks Well [(Rotterdam, 28 gennaio 1967) (Ellington Duke) (4:00)] - On the Sunny Side of the Street [(Rotterdam, 28 gennaio 1967) (Fitzgerald Ella) (3:00)] - You've Changed [(Rotterdam, 28 gennaio 1967) (Fitzgerald Ella) (5:00)] - Mack the Knife [(Rotterdam, 28 gennaio 1967) (Fitzgerald Ella) (6:00)] - Cotton Tail [(Rotterdam, 28 gennaio 1967) (Fitzgerald Ella) (5:00)]</subfield>
  </datafield>
  <datafield tag="511" ind1=" " ind2=" ">
    <subfield code="a">Anderson Cat: tr; Williams Cootie: tr; Jones Herbie: tr; Johnson Money Ellington Mercer: tr; Cooper Buster: trne; Brown Lawrence: trne; Connors Chuck: trne; Hodges Johnny: alto; Procope Russell: alto, cl; Gonsalves Paul: ten; Hamilton Jimmy: ten. cl; Carney Harry: bar, cl, clb; Ellington Duke: p; Lamb John: cb; Jones Rufus: batt; Duke Ellington and His Orchestra</subfield>
  </datafield>
  <datafield tag="511" ind1=" " ind2=" ">
    <subfield code="a">Anderson Cat: tr; Williams Cootie: tr; Jones Herbie: tr; Johnson Money Ellington Mercer: tr; Cooper Buster: trne; Brown Lawrence: trne; Connors Chuck: trne; Hodges Johnny: alto; Procope Russell: alto, cl; Gonsalves Paul: ten; Hamilton Jimmy: ten, cl; Carney Harry: bar, cl, clb; Jones Jimmy: p; Cranshaw Bob: cb; Woodyard Sam: batt; Fitzgerald Ella: voc; Ella Fitzgerald with Jimmy Jones Trio and Duke Ellington's Orchestra</subfield>
  </datafield>
  <datafield tag="650" ind1=" " ind2=" ">
    <subfield code="a">JAZZ [COMPACT DISC]</subfield>
    <subfield code="e">Codice MATERIA SPICS: 9949</subfield>
    <subfield code="9">11822</subfield>
  </datafield>
  <datafield tag="700" ind1=" " ind2=" ">
    <subfield code="a">Strayhorn Billy</subfield>
    <subfield code="d">Codice autore musica SPICS: 16295</subfield>
    <subfield code="e">Autore musica</subfield>
    <subfield code="p">Take the "A" Train - Johnny Come Lately</subfield>
    <subfield code="9">29911</subfield>
  </datafield>
  <datafield tag="700" ind1=" " ind2=" ">
    <subfield code="a">Ellington Duke</subfield>
    <subfield code="d">Codice autore musica SPICS: 13023</subfield>
    <subfield code="e">Autore musica</subfield>
    <subfield code="p">Swamp Goo - The Shepherd - Chromatic Love Affair - Rue Bleu - Mara Gold - Beautiful Woman Walks Well - Cotton Tail</subfield>
    <subfield code="9">29912</subfield>
  </datafield>
  <datafield tag="700" ind1=" " ind2=" ">
    <subfield code="a">Anderson Cat</subfield>
    <subfield code="d">Codice autore musica SPICS: 16298</subfield>
    <subfield code="e">Autore musica</subfield>
    <subfield code="p">Wild Onions</subfield>
    <subfield code="9">29913</subfield>
  </datafield>
  <datafield tag="700" ind1=" " ind2=" ">
    <subfield code="a">Fitzgerald Ella</subfield>
    <subfield code="d">Codice autore musica SPICS: 10784</subfield>
    <subfield code="e">Autore musica</subfield>
    <subfield code="p">On the Sunny Side of the Street</subfield>
    <subfield code="9">29914</subfield>
  </datafield>
  <datafield tag="700" ind1=" " ind2=" ">
    <subfield code="a">McHugh Jimmy</subfield>
    <subfield code="d">Codice autore SPICS: 16297</subfield>
    <subfield code="e">Autore</subfield>
    <subfield code="p">On the Sunny Side of the Street</subfield>
    <subfield code="9">29915</subfield>
  </datafield>
  <datafield tag="700" ind1=" " ind2=" ">
    <subfield code="a">Carey</subfield>
    <subfield code="d">Codice autore musica SPICS: 20483</subfield>
    <subfield code="e">Autore musica</subfield>
    <subfield code="p">You've Changed</subfield>
    <subfield code="9">29916</subfield>
  </datafield>
  <datafield tag="700" ind1=" " ind2=" ">
    <subfield code="a">Fischer</subfield>
    <subfield code="d">Codice autore SPICS: 33152</subfield>
    <subfield code="e">Autore</subfield>
    <subfield code="p">You've Changed</subfield>
    <subfield code="9">29917</subfield>
  </datafield>
  <datafield tag="700" ind1=" " ind2=" ">
    <subfield code="a">Weill Kurt</subfield>
    <subfield code="d">Codice autore musica SPICS: 11200</subfield>
    <subfield code="e">Autore musica</subfield>
    <subfield code="p">Mack the Knife</subfield>
    <subfield code="9">29918</subfield>
  </datafield>
  <datafield tag="700" ind1=" " ind2=" ">
    <subfield code="a">Brecht Stefan</subfield>
    <subfield code="d">Codice autore SPICS: 8827</subfield>
    <subfield code="e">Autore</subfield>
    <subfield code="p">Mack the Knife</subfield>
    <subfield code="9">29919</subfield>
  </datafield>
  <datafield tag="942" ind1=" " ind2=" ">
    <subfield code="c">CD</subfield>
    <subfield code="2">ddc</subfield>
  </datafield>
  <datafield tag="952" ind1=" " ind2=" ">
    <subfield code="0">0</subfield>
    <subfield code="1">0</subfield>
    <subfield code="4">0</subfield>
    <subfield code="6">C_2901_000000000000000</subfield>
    <subfield code="7">1</subfield>
    <subfield code="a">SPICS</subfield>
    <subfield code="b">SPICS</subfield>
    <subfield code="d">2013-10-25</subfield>
    <subfield code="l">0</subfield>
    <subfield code="o">C2901</subfield>
    <subfield code="r">2013-10-25 00:00:00</subfield>
    <subfield code="w">2013-10-25</subfield>
    <subfield code="y">CD</subfield>
    <subfield code="z">Progr. Ins.: 1186 / N.Vol.: 1 / Copie: 1 - Copia rara: n.d. / date import: 01.01.2014 - By Epidotti, Trombetti, Vaglietti</subfield>
  </datafield>
</record>
